| 000 | 01559nam a2200301 a 4500 | ||
|---|---|---|---|
| 003 | BLK | ||
| 005 | 20240726154717.0 | ||
| 008 | 220310b bu |||||r|||| 00| | bu d | ||
| 040 | _aBLK | ||
| 041 |
_aBUL _cBUL |
||
| 080 |
_aАрхитекти _b72.071.1 _z72.071.1 (092)(062) _x(092)(062) |
||
| 080 |
_b929 Фичев, Никола Иванович _z929 Фичев, Никола Иванович |
||
| 139 | _bЧ 74 | ||
| 245 |
_aМайстор Кольо Фичето - големият архитект и строител от епохата на Българското Възраждане _bЧествуване 180 г.от рождението _h[Малотир. изд.] |
||
| 260 |
_9441842 _aГаброво _bб. и. _c1980 |
||
| 300 |
_a1 л. _bс ил. _c22х60 см, сгънато до 22х10 см |
||
| 380 | _a7 | ||
| 500 | _aМин. на стр. и строителните мат.р Комитет по архитектура и благоустройство при МС, Профсъюз на работниците от строит. и строителната пром., ДКМС, Съюз на архитектите в България, НТС по строителство. Към изд. Лит. за Колю Фичето. | ||
| 653 | 7 |
_9188887 _aКолю Фичето |
|
| 653 | 7 |
_9181364 _aархитектура |
|
| 653 | 7 |
_9197633 _aстроителство |
|
| 852 |
_bК _cК 7/Ч 74 |
||
| 942 |
_cKNG _n0 _s1 _01 |
||
| 944 |
_aCR _c2022-03-10 _k30549 _lВася Ганчева |
||
| 999 |
_c448290 _d448290 |
||
| 999 | _d448290 | ||
| 999 | _d448290 | ||
| 999 | _d448290 | ||